Vaiyakaran prabandhamuktavali/ (Record no. 48853)

000 -LEADER
fixed length control field 00377nam a22001451a 4500
082 ## - DEWEY DECIMAL CLASSIFICATION NUMBER
Classification number S 491.25
Item number ASH/V
100 ## - MAIN ENTRY--AUTHOR NAME
Personal name Ashok Chandra Gaur Shastri
245 ## - TITLE STATEMENT
Title Vaiyakaran prabandhamuktavali/
Statement of responsibility, etc by Ashok Chandra Gaur Shastri
260 ## - PUBLICATION, DISTRIBUTION, ETC. (IMPRINT)
Place of publication Delhi:
Name of publisher Nag,
Year of publication 2004.
300 ## - PHYSICAL DESCRIPTION
Number of Pages 566p.
650 ## - SUBJECT ADDED ENTRY--TOPICAL TERM
Topical Term Grammar Sanskrit
650 ## - SUBJECT ADDED ENTRY--TOPICAL TERM
Topical Term Language Sanskrit
650 ## - SUBJECT ADDED ENTRY--TOPICAL TERM
Topical Term Language
942 ## - ADDED ENTRY ELEMENTS (KOHA)
Koha item type Book
Holdings
Withdrawn status Lost status Damaged status Not for loan Permanent Location Current Location Date acquired Cost, normal purchase price Full call number Accession Number Cost, replacement price Price effective from Koha item type
        Sree Sankaracharya University of Sanskrit Sree Sankaracharya University of Sanskrit 08.01.2015 125.00 S 491.25 ASH/V 035354 0.00 08.01.2015 Book